Response of emergency units: the effects of barriers, discrete streets, and one-way streets, /

Bibliographic Details
Main Author: Larson, Richard C., 1943-
Corporate Author: Rand Corporation
Format: Book
Language:English
Published: New York : The New York City Rand Institute, 1971.
Subjects:

MARC

Tag First Indicator Second Indicator Subfields
LEADER 00000cam a2200000 4500
001 in00001078490
005 20150929105359.0
008 740423s1971 xx 000 0 eng d
035 |a (OCoLC)00864589 
035 |9 AFQ0859AM 
040 |a KSU  |c KSU  |d TXA  |d UtOrBLW 
049 |a TXAM 
090 |a HE336.E5  |b L37 1971 
100 1 |a Larson, Richard C.,  |d 1943- 
245 1 0 |a Response of emergency units: the effects of barriers, discrete streets, and one-way streets, /  |c Richard C. Larson. 
264 1 |a New York :  |b The New York City Rand Institute,  |c 1971. 
300 |a xi, 31 pages :  |b illustrations ;  |c 28 cm. 
336 |a text  |b txt  |2 rdacontent 
337 |a unmediated  |b n  |2 rdamedia 
338 |a volume  |b nc  |2 rdacarrier 
500 |a "This study was sponsored by the U. S. Department of Housing and Urban Development." 
500 |a "April 1971." 
500 |a "R-675-HUD." 
650 0 |a Emergency transportation. 
650 0 |a Assistance in emergencies. 
710 2 |a Rand Corporation. 
999 |a MARS 
999 f f |s a3fc6ee8-b284-3ab2-8014-b35967686a0a  |i 9597064a-97f2-38a1-93ab-3ba65556f179  |t 0 
952 f f |p normal  |a Texas A&M University  |b College Station  |c Sterling C. Evans Library  |d Evans: Library Stacks  |t 0  |e HE336.E5 L37 1971  |h Library of Congress classification  |i unmediated -- volume  |m A14816044213 
998 f f |a HE336.E5 L37 1971  |t 0  |l Evans: Library Stacks